cultura generale - Statistics

Statistiche generali
  • Questo quiz è stato fatto 132 volte
  • Il punteggio medio è 12 su 15
Statistiche sulle risposte
Domanda Risposta % Corretto
La data della scoperta dell'America 12/10/1492
100%
primo re di Roma Romolo
97%
chi ha dipinto la " La Primavera" sandro Botticelli
95%
in che anno iniziò la rivoluzione francese? 1789
92%
Quale di questi stati non ha la bandiera rettangolare? nepal
89%
qual è la capitale del Madagascar? antananarivo
86%
moneta del Brasile real
84%
Bandiera dello stato più piccolo al mondo
78%
Quale di queste bandiere non è in africa?
76%
in che anno è morto Dante Alighieri 1321
76%
Quale di questi stati ha solo un confine? corea del sud
76%
Formula chimica del cloruro di sodio NaCl
76%
Quale di queste bandiere non è dell'Europa?
68%
con quanti stati confina l'italia? 6
59%
quale organulo della cellula si trova solo nella cellula eucariote? cloroplasto
14%
Nessun quiz corrispondente trovato
Distribuzione punteggi
Percentuale di utenti per punteggio
Percentile per numero di risposta
I tuoi punteggi nel tempo
Non hai fatto questo quiz